000 00749nam a2200241 i 4500
001 149548
003 ES-MaACL
005 20240521134257.0
007 t|
008 071023s1986 sp ||||1| spa d
020 _a84-322-3862-7
080 _a821.134.2-14"19"
100 0 _aVázquez Montalbán, Manuel,
_d1939-
_9113463
245 1 0 _aMemoria y deseo
_b: obra poética (1963-1983) /
_cManuel Vázquez Montalbán ; [introducción por J. M. Castellet].
250 _a1ª ed.
260 _aBarcelona :
_bSeix Barral,
_c1986.
300 _a284 p. ;
_c20 cm.
490 1 _aSerie mayor
700 1 _aCastellet, J. M.,
_d1926-2014
_9156498
830 0 _aSerie mayor
_9177793
852 _aES-MaACL
_jL-11348
999 _c149548
_d149548